| 000 | 00511nam a2200229Ia 4500 | ||
|---|---|---|---|
| 008 | 210210b1930 xxu||||| |||| 00| 0 eng d | ||
| 041 | _aeng | ||
| 082 | _a829/442 | ||
| 100 | _aGIBBS (Philip) | ||
| 245 | _aOut of the Ruins and other little novels | ||
| 260 |
_aLondon _bHutchinson & Co _c1930 |
||
| 650 | _athe | ||
| 650 | _aRuins | ||
| 650 | _aOut | ||
| 650 | _aother | ||
| 650 | _aof | ||
| 650 | _anovels | ||
| 650 | _alittle | ||
| 650 | _aand | ||
| 690 | _aEnglish Fiction | ||
| 906 | _a017046 | ||
| 999 |
_c137004 _d137004 |
||